Anorexia, bulimia, obesidade (Registo nº 200470)
[ vista simples ]
| 000 -Etiqueta do registo | |
|---|---|
| Valores | 00730nam 22002293 4500 |
| 010 ## - Número ISBN | |
| ISBN | 972-8407-40-8 |
| 021 ## - Número do Depósito Legal | |
| Código do país | Portugal |
| Número | 115315/97 |
| 100 ## - Dados gerais de processamento | |
| Dados gerais | 20260209d u||y0pory50 ba |
| 200 ## - Titulo e menção de responsabilidade | |
| Título próprio | Anorexia, bulimia, obesidade |
| Primeira menção de responsabilidade | Gérard Apfeldorfer |
| Outras menções de responsabilidade | tradutor Rosa Dinis |
| 210 ## - Publicação | |
| Local de publicação | Lisboa |
| Nome do editor | Instituto Piaget |
| Data de publicação | D.L.1997 |
| 215 ## - Descrição física | |
| Paginação / Volumes | 131 p. |
| Outras indicações físicas | il. ; brochado |
| Dimensões | 21 cm |
| 225 ## - Colecção | |
| Título próprio da colecção | Biblioteca Básica de Ciência e Cultura |
| Menção de responsabilidade | Direção de António Oliveira Cruz |
| Indicação de volume | 46 |
| 606 ## - Nome comum usado como assunto | |
| ID Autoridade | 927 |
| Palavra de ordem | Medicina |
| 675 ## - CDU | |
| Notação | 616.33 |
| Edição | PT |
| Língua | por |
| 675 ## - CDU | |
| Notação | 616.89 |
| Edição | PT |
| Língua | pot |
| 700 ## - Autor principal (pessoa individual) | |
| ID Autoridade | 16264 |
| Apelido | Gérard Apfeldorfer |
| Nome | Gérard |
| Datas | 1948- |
| 702 ## - Autor secundário (pessoa individual) | |
| ID Autoridade | 16268 |
| Apelido | Dinis |
| Nome | Rosa |
| 801 ## - Fonte de origem | |
| País | PT |
| Agência | BMMN |
| Regras de catalogação | RPC |
| 830 ## - Notas gerais do catalogador | |
| Criado por | Ana |
| Indexado por | Ana |
| 990 ## - Elementos KOHA | |
| Tipo de documento | Livro |
| Situação do levantamento | Biblioteca de origem | Código de barras | Cota | Permissão de empréstimo | Tipo de documento | Forma de aquisição |
|---|---|---|---|---|---|---|
| Biblioteca Municipal de Montemor-o-Novo | 29650 | 61 APF|DEP | Livro | Compra |